<?xml version="1.0" encoding="UTF-8"?>
<record
    xmlns:xsi="http://www.w3.org/2001/XMLSchema-instance"
    xsi:schemaLocation="http://www.loc.gov/MARC21/slim http://www.loc.gov/standards/marcxml/schema/MARC21slim.xsd"
    xmlns="http://www.loc.gov/MARC21/slim">

  <leader>02032nam0a2200421 i 4500</leader>
  <controlfield tag="001">RU\NLR\BIBL_A\011003015</controlfield>
  <controlfield tag="005">20240921195408.0</controlfield>
  <datafield tag="010" ind1=" " ind2=" ">
    <subfield code="a">9785922116695</subfield>
    <subfield code="9">500</subfield>
  </datafield>
  <datafield tag="021" ind1=" " ind2=" ">
    <subfield code="a">RU</subfield>
    <subfield code="b">2016-9503</subfield>
    <subfield code="9">618</subfield>
  </datafield>
  <datafield tag="035" ind1=" " ind2=" ">
    <subfield code="a">(NILC)RuMoRGB-008139287</subfield>
  </datafield>
  <datafield tag="035" ind1=" " ind2=" ">
    <subfield code="a">(NLR Aleph) 011003015</subfield>
  </datafield>
  <datafield tag="090" ind1=" " ind2=" ">
    <subfield code="a">10976635</subfield>
    <subfield code="c">10976635</subfield>
  </datafield>
  <datafield tag="100" ind1=" " ind2=" ">
    <subfield code="a">20160229d2016    km y0rusy50      ca</subfield>
  </datafield>
  <datafield tag="101" ind1="0" ind2=" ">
    <subfield code="a">rus</subfield>
  </datafield>
  <datafield tag="102" ind1=" " ind2=" ">
    <subfield code="a">RU</subfield>
  </datafield>
  <datafield tag="105" ind1=" " ind2=" ">
    <subfield code="a">a|||z||||01yy</subfield>
  </datafield>
  <datafield tag="200" ind1="1" ind2=" ">
    <subfield code="a">&#x41F;&#x43E;&#x432;&#x435;&#x440;&#x445;&#x43D;&#x43E;&#x441;&#x442;&#x43D;&#x44B;&#x435; &#x441;&#x432;&#x43E;&#x439;&#x441;&#x442;&#x432;&#x430; &#x441;&#x43F;&#x43B;&#x430;&#x432;&#x43E;&#x432; &#x43D;&#x430; &#x43E;&#x441;&#x43D;&#x43E;&#x432;&#x435; &#x441;&#x432;&#x438;&#x43D;&#x446;&#x430;, &#x43E;&#x43B;&#x43E;&#x432;&#x430;, &#x438;&#x43D;&#x434;&#x438;&#x44F;, &#x43A;&#x430;&#x434;&#x43C;&#x438;&#x44F;</subfield>
    <subfield code="f">&#x420;. &#x425;. &#x414;&#x430;&#x434;&#x430;&#x448;&#x435;&#x432;, &#x420;. &#x410;. &#x41A;&#x443;&#x442;&#x443;&#x435;&#x432;, &#x412;. &#x410;. &#x421;&#x43E;&#x437;&#x430;&#x435;&#x432;</subfield>
  </datafield>
  <datafield tag="210" ind1=" " ind2=" ">
    <subfield code="a">&#x41C;&#x43E;&#x441;&#x43A;&#x432;&#x430;</subfield>
    <subfield code="c">&#x424;&#x438;&#x437;&#x43C;&#x430;&#x442;&#x43B;&#x438;&#x442;</subfield>
    <subfield code="d">2016</subfield>
    <subfield code="d">[&#x442;. &#x435;. 2015]</subfield>
  </datafield>
  <datafield tag="215" ind1=" " ind2=" ">
    <subfield code="a">207 &#x441;.</subfield>
    <subfield code="c">&#x438;&#x43B;.</subfield>
    <subfield code="d">22</subfield>
  </datafield>
  <datafield tag="300" ind1=" " ind2=" ">
    <subfield code="a">&#x41D;&#x430; 4-&#x439; &#x441;. &#x43E;&#x431;&#x43B;. &#x430;&#x432;&#x442;.: &#x414;&#x430;&#x434;&#x430;&#x448;&#x435;&#x432; &#x420;. &#x425;., &#x434;. &#x444;.-&#x43C;. &#x43D;., &#x43F;&#x440;&#x43E;&#x444;., &#x41A;&#x443;&#x442;&#x443;&#x435;&#x432; &#x420;. &#x410;., &#x43A;. &#x444;.-&#x43C;. &#x43D;., &#x434;&#x43E;&#x446;., &#x421;&#x43E;&#x437;&#x430;&#x435;&#x432; &#x412;. &#x410;., &#x434;. &#x444;.-&#x43C;. &#x43D;., &#x43F;&#x440;&#x43E;&#x444;.</subfield>
  </datafield>
  <datafield tag="300" ind1=" " ind2=" ">
    <subfield code="a">&#x41A;&#x43D;. &#x444;&#x430;&#x43A;&#x442;&#x438;&#x447;&#x435;&#x441;&#x43A;&#x438; &#x438;&#x437;&#x434;. &#x432; 2015 &#x433;.</subfield>
  </datafield>
  <datafield tag="320" ind1=" " ind2=" ">
    <subfield code="a">&#x411;&#x438;&#x431;&#x43B;&#x438;&#x43E;&#x433;&#x440;.: &#x441;. 188-207 (297 &#x43D;&#x430;&#x437;&#x432;.)</subfield>
  </datafield>
  <datafield tag="606" ind1="1" ind2=" ">
    <subfield code="a">&#x416;&#x438;&#x434;&#x43A;&#x438;&#x435; &#x43C;&#x435;&#x442;&#x430;&#x43B;&#x43B;&#x44B;</subfield>
    <subfield code="x">&#x41F;&#x43E;&#x432;&#x435;&#x440;&#x445;&#x43D;&#x43E;&#x441;&#x442;&#x43D;&#x43E;&#x435; &#x43D;&#x430;&#x442;&#x44F;&#x436;&#x435;&#x43D;&#x438;&#x435;</subfield>
    <subfield code="x">&#x41E;&#x43F;&#x440;&#x435;&#x434;&#x435;&#x43B;&#x435;&#x43D;&#x438;&#x435;</subfield>
    <subfield code="9">2106965</subfield>
    <subfield code="3">RU\NLR\AUTH\661577292</subfield>
  </datafield>
  <datafield tag="606" ind1="1" ind2=" ">
    <subfield code="a">&#x421;&#x432;&#x438;&#x43D;&#x435;&#x446;-&#x432;&#x438;&#x441;&#x43C;&#x443;&#x442;, &#x441;&#x43F;&#x43B;&#x430;&#x432;&#x44B; &#x436;&#x438;&#x434;&#x43A;&#x438;&#x435;</subfield>
    <subfield code="x">&#x422;&#x435;&#x43F;&#x43B;&#x43E;&#x444;&#x438;&#x437;&#x438;&#x447;&#x435;&#x441;&#x43A;&#x438;&#x435; &#x441;&#x432;&#x43E;&#x439;&#x441;&#x442;&#x432;&#x430;</subfield>
    <subfield code="9">2104569</subfield>
    <subfield code="3">RU\NLR\AUTH\661272450</subfield>
  </datafield>
  <datafield tag="610" ind1="0" ind2=" ">
    <subfield code="a">&#x43F;&#x43E;&#x432;&#x435;&#x440;&#x445;&#x43D;&#x43E;&#x441;&#x442;&#x43D;&#x43E;&#x435; &#x43D;&#x430;&#x442;&#x44F;&#x436;&#x435;&#x43D;&#x438;&#x435; &#x43C;&#x435;&#x442;&#x430;&#x43B;&#x43B;&#x438;&#x447;&#x435;&#x441;&#x43A;&#x438;&#x445; &#x440;&#x430;&#x441;&#x43F;&#x43B;&#x430;&#x432;&#x43E;&#x432;</subfield>
  </datafield>
  <datafield tag="610" ind1="0" ind2=" ">
    <subfield code="a">&#x441;&#x43C;&#x430;&#x447;&#x438;&#x432;&#x430;&#x43D;&#x438;&#x435; &#x43C;&#x435;&#x442;&#x430;&#x43B;&#x43B;&#x43E;&#x432; &#x440;&#x430;&#x441;&#x43F;&#x43B;&#x430;&#x432;&#x430;&#x43C;&#x438;</subfield>
  </datafield>
  <datafield tag="610" ind1="0" ind2=" ">
    <subfield code="a">&#x43C;&#x435;&#x442;&#x43E;&#x434; &#x43B;&#x435;&#x436;&#x430;&#x449;&#x435;&#x439; &#x43A;&#x430;&#x43F;&#x43B;&#x438;</subfield>
  </datafield>
  <datafield tag="675" ind1=" " ind2=" ">
    <subfield code="a">669.0</subfield>
  </datafield>
  <datafield tag="686" ind1="1" ind2=" ">
    <subfield code="a">&#x41A;342.403.9-13</subfield>
  </datafield>
  <datafield tag="686" ind1="1" ind2=" ">
    <subfield code="a">&#x41A;303-13</subfield>
  </datafield>
  <datafield tag="700" ind1=" " ind2="1">
    <subfield code="a">&#x414;&#x430;&#x434;&#x430;&#x448;&#x435;&#x432;</subfield>
    <subfield code="b">&#x420;. &#x425;.</subfield>
    <subfield code="g">&#x420;&#x430;&#x439;&#x43A;&#x43E;&#x43C; &#x425;&#x430;&#x441;&#x438;&#x43C;&#x445;&#x430;&#x43D;&#x43E;&#x432;&#x438;&#x447;</subfield>
  </datafield>
  <datafield tag="701" ind1=" " ind2="1">
    <subfield code="a">&#x41A;&#x443;&#x442;&#x443;&#x435;&#x432;</subfield>
    <subfield code="b">&#x420;. &#x410;.</subfield>
    <subfield code="g">&#x420;&#x443;&#x441;&#x43B;&#x430;&#x43D; &#x410;&#x437;&#x430;&#x435;&#x432;&#x438;&#x447;</subfield>
  </datafield>
  <datafield tag="701" ind1=" " ind2="1">
    <subfield code="a">&#x421;&#x43E;&#x437;&#x430;&#x435;&#x432;</subfield>
    <subfield code="b">&#x412;. &#x410;.</subfield>
    <subfield code="g">&#x412;&#x438;&#x43A;&#x442;&#x43E;&#x440; &#x410;&#x434;&#x44B;&#x433;&#x435;&#x435;&#x432;&#x438;&#x447;</subfield>
  </datafield>
  <datafield tag="801" ind1=" " ind2="0">
    <subfield code="a">RU</subfield>
    <subfield code="b">&#x420;&#x413;&#x411;</subfield>
    <subfield code="c">20160209</subfield>
    <subfield code="g">RCR</subfield>
  </datafield>
  <datafield tag="942" ind1=" " ind2=" ">
    <subfield code="c">BOOK</subfield>
  </datafield>
  <datafield tag="980" ind1=" " ind2=" ">
    <subfield code="a">NBR</subfield>
  </datafield>
</record>
